MARC details
| 000 -CABECERA |
| campo de control de longitud fija |
01043nam a2200265 a 4500 |
| 001 - NÚMERO DE CONTROL |
| campo de control |
000004753 |
| 005 - FECHA Y HORA DE LA ÚLTIMA TRANSACCIÓN |
| campo de control |
20200929151510.0 |
| 008 - DATOS DE LONGITUD FIJA--INFORMACIÓN GENERAL |
| campo de control de longitud fija |
800903s1968 sp 000 0 spa |
| 040 ## - FUENTE DE LA CATALOGACIÓN |
| Centro catalogador/agencia de origen |
DO-SdBNP |
| Lengua de catalogación |
spa |
| Centro/agencia transcriptor |
BNPHU |
| 082 ## - NÚMERO DE LA CLASIFICACIÓN DECIMAL DEWEY |
| Número de clasificación |
843.912 |
| Número de documento/Ítem |
S132c |
| 100 1# - ENTRADA PRINCIPAL--NOMBRE DE PERSONA |
| Nombre de persona |
Saint Exupery, Antoine de, |
| Fechas asociadas al nombre |
1900-1944. |
| 9 (RLIN) |
13810 |
| 245 10 - MENCIÓN DE TÍTULO |
| Título |
Correo del sur ; |
| Resto del título |
vuelo nocturno / |
| Mención de responsabilidad, etc. |
Antoine de Saint-Exupery ; traducción de Enrique de Juan J. Benavente. |
| 246 13 - FORMA VARIANTE DE TÍTULO |
| Título propio/Titulo breve |
vuelo nocturno |
| 260 ## - PUBLICACIÓN, DISTRIBUCIÓN, ETC. |
| Lugar de publicación, distribución, etc. |
Barcelona : |
| Nombre del editor, distribuidor, etc. |
Ediciones G. P., |
| Fecha de publicación, distribución, etc. |
1968. |
| 300 ## - DESCRIPCIÓN FÍSICA |
| Extensión |
255 : |
| Otras características físicas |
il. ; |
| Dimensiones |
24 cm. |
| 440 #0 - MENCIÓN DE SERIE/PUNTO DE ACCESO ADICIONAL--TÍTULO |
| Título |
Los clásicos del siglo xx ; |
| Designación de volumen o secuencia |
55 |
| 9 (RLIN) |
13639 |
| 500 ## - NOTA GENERAL |
| Nota general |
Incluye datos biográficos del autor en la contracubierta |
| 534 ## - NOTA SOBRE LA VERSIÓN ORIGINAL |
| Encabezamiento principal del original |
Título original: Courrier sud Vol de Nuit |
| Mención de título del original |
Courrier sud Vol de Nuit |
| 650 #4 - PUNTO DE ACCESO ADICIONAL DE MATERIA--TÉRMINO DE MATERIA |
| Término de materia o nombre geográfico como elemento de entrada |
Novela francesa |
| 9 (RLIN) |
1075 |
| 650 #4 - PUNTO DE ACCESO ADICIONAL DE MATERIA--TÉRMINO DE MATERIA |
| Término de materia o nombre geográfico como elemento de entrada |
Literatura francesa |
| 9 (RLIN) |
1074 |
| 700 1# - PUNTO DE ACCESO ADICIONAL--NOMBRE DE PERSONA |
| Nombre de persona |
J. Benavente, Enrique de Juan |
| 9 (RLIN) |
13811 |
| 700 1# - PUNTO DE ACCESO ADICIONAL--NOMBRE DE PERSONA |
| Nombre de persona |
Saint Exupery, Antoine de, |
| Fechas asociadas al nombre |
1900-1944. |
| Título de la obra |
Vol de nuit. 1979. |
| 9 (RLIN) |
13812 |
| 740 0# - PUNTO DE ACCESO ADICIONAL--TÍTULO RELACIONADO O ANALÍTICO NO CONTROLADO |
| Título relacionado o analítico no controlado |
Vuelo nocturno |
| 830 #0 - PUNTO DE ACCESO ADICIONAL DE SERIE-TÍTULO UNIFORME |
| Título uniforme |
Los clásicos del siglo xx |
| 9 (RLIN) |
13639 |